[Event "Xtracon Grand Master 2013"]
[Site "Asgaard Skole, Koge"]
[Date "2013.10.18"]
[Round "5.24"]
[White "Andersen, Finn"]
[Black "Keinicke, Mads"]
[Result "1-0"]
[WhiteElo "2060"]
[BlackElo "1693"]
[PlyCount "73"]
[EventDate "2013.??.??"]
[WhiteTeam "Præstø Skakklub"]
[BlackTeam "Nørrebro Skakklub"]

1. d3 d5 2. Nf3 c5 3. Nbd2 Nf6 4. e4 e6 5. g3 Nc6 6. Bg2 g6 7. O-O Bg7 8. Re1
O-O 9. c3 d4 10. c4 Bd7 11. a3 a5 12. Nf1 Qb6 13. Qe2 a4 14. e5 Ng4 15. Bf4 Nh6
16. h4 Na5 17. N1h2 Bc6 18. Ng5 Nf5 19. Ne4 Bxe4 20. Bxe4 h6 21. Ng4 Kh7 22.
Kg2 Qd8 23. Rh1 Rb8 24. Bg5 Qc7 25. Bf6 Nc6 26. h5 Nxe5 27. Bxe5 Bxe5 28. Bxf5
exf5 29. hxg6+ fxg6 30. Nxe5 Rbe8 31. f4 Rg8 32. Rae1 g5 33. Qh5 Qd6 34. fxg5
Rxe5 35. Qxh6+ Qxh6 36. Rxh6+ Kg7 37. Rxe5 1-0